000 00624nam a2200241Ia 4500
003 OSt
005 20220924151636.0
006 a|||||r|||| 00| 0
007 ta
008 220923b |||||||| |||| 00| 0 tel d
024 _a338531
037 _cTextual
040 _aARTS
_cARTS
_btel
041 _2tel
_atel
082 _aV2:51y7M69, 35H1
100 _aRadha Krishana
_9224657
245 0 _aMahatmaji
260 _c1941
300 _a871p.
_ccm.
650 _aGANDHI, MAHATAMA; INDIA - HISTORY
_938177
942 _hV2:51y7M69, 35H1
_cTEXL
_2CC
999 _c467269
_d467269